ბათუმის შოთა რუსთაველის სახელმწიფო უნივერსიტეტის ბიბლიოთეკა

პიესები (ბიბ.ჩანაწერი № 42740)

000 -LEADER
fixed length control field 00623nam a2200205Ia 4500
001 - CONTROL NUMBER
control field 9446
003 - CONTROL NUMBER IDENTIFIER
control field GE_BSU
008 - FIXED-LENGTH DATA ELEMENTS--GENERAL INFORMATION
fixed length control field 181216s||||||||xx |||||||||||||| ||und||
040 ## - CATALOGING SOURCE
Transcribing agency GE_BSU
080 ## - UNIVERSAL DECIMAL CLASSIFICATION NUMBER
Universal Decimal Classification number 821.353.1–2
100 ## - MAIN ENTRY--PERSONAL NAME
Personal name მოსაშვილი,ილო
245 ## - TITLE STATEMENT
Title პიესები
245 ## - TITLE STATEMENT
Statement of responsibility, etc. რედ.ნ.შველიძე,მხატვ.დ.ქუთათელაძე,ლ.ქუთათელაძე
260 ## - PUBLICATION, DISTRIBUTION, ETC.
Place of publication, distribution, etc. თბილისი
260 ## - PUBLICATION, DISTRIBUTION, ETC.
Name of publisher, distributor, etc. სახელგამი
260 ## - PUBLICATION, DISTRIBUTION, ETC.
Date of publication, distribution, etc. 1950
300 ## - PHYSICAL DESCRIPTION
Extent 222გვ.21სმ.
653 ## - INDEX TERM--UNCONTROLLED
Uncontrolled term პიესები
942 ## - ADDED ENTRY ELEMENTS (KOHA)
Koha item type წიგნი
ეგზემპლარები
Withdrawn status Lost status Damaged status Not for loan Date acquired Barcode Date last seen Price effective from Koha item type Public note
        2018-12-17 32336 2018-12-17 2018-12-17 წიგნი  
        2018-12-17 22404 აგრ.ტექ.ბიბლ. 2018-12-17 2018-12-17 წიგნი 03